| 000 | 01583cam a2200385 i 4500 | ||
|---|---|---|---|
| 001 | 17335595 | ||
| 003 | NUST | ||
| 005 | 20230118123826.0 | ||
| 008 | 120606t20132013vauab b 001 0 eng c | ||
| 010 | _a 2012022876 | ||
| 020 | _a9781565495524 (cloth) | ||
| 020 | _a9781565495531 (paperback : alkaline paper) | ||
| 020 | _z9781565495548 (library networkable e-edition) | ||
| 020 | _z9781565495555 (consumer e-edition) | ||
| 040 |
_aICU/DLC _beng _cICU _erda _dDLC |
||
| 042 | _apcc | ||
| 043 | _aa-pk--- | ||
| 050 | 0 | 0 |
_aDS389 _b.D48 2013 |
| 082 | 0 | 0 |
_a338.95491,DEV _223 |
| 245 | 0 | 0 |
_aDevelopment challenges confronting Pakistan / _cedited by Anita M. Weiss and Saba Gul Khattak. |
| 250 | _aFirst Edition. | ||
| 260 |
_aSterling, VA : _bKumarian Press, an imprint of Stylus Publishing, _c2013. |
||
| 264 | 4 | _c©2013 | |
| 300 |
_aviii, 280 pages : _billustrations, maps ; _c24 cm |
||
| 336 |
_atext _2rdacontent |
||
| 337 |
_aunmediated _2rdamedia |
||
| 338 |
_avolume _2rdacarrier |
||
| 505 | 0 | _aIntroduction (Page-1), Part-:. Economic challenges (Page-23), Part-2: Challenges of infrastructural transformation (Page-73), Part-3: Challenges of human security. Part-4: Ongoing challenges of militancy, insecurity and political paths (Page-211). | |
| 650 | 0 |
_aEconomic development _zPakistan. _981673 |
|
| 650 | 0 |
_aHuman security _zPakistan. _9106966 |
|
| 651 | 0 |
_aPakistan _xPolitics and government. |
|
| 700 | 1 |
_aWeiss, Anita M., _eeditor of compilation. _912796 |
|
| 700 | 1 |
_aKhattak, Saba Gul, _eeditor of compilation. _9106967 |
|
| 942 |
_2ddc _cBK _k389.5491,DEV |
||
| 999 |
_c592945 _d592945 |
||